Les Métaux : L’Argent - Statistiques

Statistiques générales
  • Ce quiz a été pris 17 fois
  • Le résultat moyen est 2 sur 5
Statistiques - réponses
Question Réponse % Correct
En chimie, quelles lettres sont utilisées pour représenter l’élément de l’argent ? Ag
100%
Quel est le numéro atomique de l’argent ? 47
27%
De quelle famille d’éléments chimiques fait partie l’argent ? Métaux de transition
20%
En 2023, quel pays était le premier producteur mondial d’argent ? Mexique
13%
Quel historien et chroniqueur grec du Ier siècle av. J-C a écrit : "Le pays des Ibères contient les plus nombreuses et les plus belles mines d'argent que l'on connaisse." ? Diodore de Sicile
7%
Aucun quiz correspondant
Distribution des résultats
% des personnes avec chaque résultat
Percentile par nombre de réponses
Votre historique - résultats
Vous n’avez pas pris ce quiz